Celebrity Cameos Quiz Stats

Quiz not verified by Sporcle

Challenge
Share
Tweet
Score 0/30 Timer 05:00
0 Plays Today
% Correct
Michael Jackson
93.5%
Johnny Depp
89.5%
Tom Cruise
86.7%
Whoopi Goldberg
86.4%
Alfred Hitchcock
85.7%
Bill Cosby
82.5%
Rihanna
81.7%
Bill Murray
81.3%
David Hasselhoff
77.8%
Dr. Phil McGraw
74.9%
Tyra Banks
74.3%
Madonna
71.4%
Chris Rock
70.9%
Kathy Bates
67.4%
Stan Lee
66%
% Correct
Billy Idol
63.5%
Regis and Joy Philbin
62.5%
Paris Hilton
61.4%
Bob Barker
57.8%
Liza Minnelli
56.2%
Kareem Abdul-Jabbar
51.7%
George Carlin
50.3%
Matt Lauer
38.4%
Jessica Simpson
37.2%
Jonah Hill
37.2%
Emily Blunt
37%
Glenn Close
36.1%
Ricki Lake
32.1%
Carrie Fisher
19.7%
Chita Rivera
8.7%

You're not logged in!

Compare scores with friends on all Sporcle quizzes.
Sign Up with Email
OR
Log In

You Might Also Like...

Show Comments

Extras

Curator's Pick Mar 13, 2014ReportNominate
Tags:Actor Quiz, Celebrity Quiz, Famous Quiz, cameo

Top Quizzes Today


Score Distribution

Your Account Isn't Verified!

In order to create a playlist on Sporcle, you need to verify the email address you used during registration. Go to your Sporcle Settings to finish the process.